Normal view
MARC view
- SUPERVISORS DR. SAJID GUL KHWAJA DR. COL. MUHAMMAD ABBAS
Entry Personal Name
001 - CONTROL NUMBER
- control field: 71370
003 - CONTROL NUMBER IDENTIFIER
- control field: NUST
005 - DATE AND TIME OF LATEST TRANSACTION
- control field: 20210628204628.0
008 - FIXED-LENGTH DATA ELEMENTS
- fixed length control field: 210628|| aca||aabn | a|a d
040 ## - CATALOGING SOURCE
- Original cataloging agency: NUST
- Transcribing agency: NUST
100 ## - HEADING--PERSONAL NAME
- Personal name: SUPERVISORS DR. SAJID GUL KHWAJA DR. COL. MUHAMMAD ABBAS
670 ## - SOURCE DATA FOUND
- Source citation: Work cat.: (NUST): NC Awais Ahmad Khan NC Shahrukh Khan NC Muhammad Hamza Mukhtar 71368, PR-SOF-1643-OBD BASED VEHICULAR TRACKING AND DIAGNOSTICS SYSTEM, 2017
